Statistics for Countries With Smallest Road Network

Click here to take the quiz!

General Stats

  • This quiz has been taken 21 times
  • The average score is 9 of 10

Answer Stats

KmAnswer% Correct
630Liechtenstein
100%
77Monaco
100%
9Vatican City
100%
30Nauru
95%
292San Marino
95%
93Maldives
86%
526Seychelles
86%
8Tuvalu
86%
320Andorra
81%
383St Kitts and Nevis
76%

Score Distribution

Percentile by Number Answered

Percent of People with Each Score

Your Score History

You have not taken this quiz